|
|
|
|
| LEADER |
00000cam a2200000 c 4500 |
| 001 |
745486827 |
| 003 |
DE-627 |
| 005 |
20260401101656.0 |
| 007 |
cr uuu---uuuuu |
| 008 |
130508s1595 sz |||||o 00| ||lat c |
| 024 |
7 |
|
|a urn:nbn:de:gbv:3:1-300451
|2 urn
|
| 024 |
7 |
|
|a 10.25673/opendata2-7381
|2 doi
|
| 024 |
7 |
|
|a VD16 W 1117
|2 vd16
|
| 035 |
|
|
|a (DE-627)745486827
|
| 035 |
|
|
|a (DE-576)9745486825
|
| 035 |
|
|
|a (DE-599)GBV745486827
|
| 040 |
|
|
|a DE-627
|b ger
|c DE-627
|e rakwb
|
| 041 |
|
|
|a lat
|
| 044 |
|
|
|c XA-CH
|
| 084 |
|
|
|a 1
|2 ssgn
|
| 100 |
1 |
|
|0 (DE-588)11854392X
|0 (DE-627)149020872
|0 (DE-576)20894494X
|4 aut
|a Gwalther, Rudolf
|d 1519-1586
|
| 109 |
|
|
|a Tigurinus, Rodolphus Gualtherius 1519-1586
|a Gualther, Rudolph 1519-1586
|a Gualterus, Rodolphus 1519-1586
|a Gwalther, Rodolphe 1519-1586
|a Gwalterus, Rudolphus 1519-1586
|a Gualter(us), Rudolph(us) 1519-1586
|a Gualtero, Rudolfo 1519-1586
|a Gwalther, Rudolf 1519-1586
|a Walter, Rudolph 1519-1586
|a Walther, Rudolf d.Ä. 1519-1586
|a Gualtherius, Rudolphus 1519-1586
|a Walther, Rodolphus 1519-1586
|a Gualter, Rudolf 1519-1586
|a Walther, Rudolph 1519-1586
|a Gualtherus, Rodolph 1519-1586
|a Gualtherus, Rudolphus 1519-1586
|a Rhomäus, Rodolphus 1519-1586
|a Eubulus, Dynaterus 1519-1586
|a Dynaterus, Eubulus 1519-1586
|a Walt(h)er, Rudolph 1519-1586
|a Gwalther, Rodulf 1519-1586
|a Gualtherus (Tigurinus), Rudolphus 1519-1586
|a Rodolphus Rhomäus 1519-1586
|a Gualther, Rudolf 1519-1586
|a Gualterus, Rudolphus 1519-1586
|a Walther, Rudolf 1519-1586
|a Gwalter, Rudolf 1519-1586
|a Gualtherus Tigurinus, Rudolphus 1519-1586
|a Gualtherus, Rodolphus 1519-1586
|a Gualther(ius), Rudolph(us) 1519-1586
|a Gualtherus Tigurinus 1519-1586
|a Gualt(h)erus, Rodolph(us) 1519-1586
|a Gualter, Rudolph 1519-1586
|a Gwalther, Rudolph 1519-1586
|a Walter, Rudolf 1519-1586
|a Walther Rodolphus 1519-1586
|a Dynaterius, Ebulus 1519-1586
|a Walthart, Rudolph 1519-1586
|a Gual, Rodolphus 1519-1586
|
| 245 |
1 |
0 |
|a ISAIAS.|| IN ISAIAM PROPHE=||tam Rodolphi Gualtheri || Tigurini Homiliae || CCCXXVII.|| EDITIO SECVNDA, PRIORE MVL=||TO LOCVPLETIOR ET EMENDATIOR.|| ACCESSERVNT INDICES DVO, RERVM || et verborum, Locorum item sacrae Scriptu-||rae ... ||
|
| 246 |
3 |
3 |
|a ISAIAS. IN ISAIAM PROPHEtam Rodolphi Gualtheri Tigurini Homiliae CCCXXVII. EDITIO SECVNDA, PRIORE MVLTO LOCVPLETIOR ET EMENDATIOR. ACCESSERVNT INDICES DVO, RERVM et verborum, Locorum item sacrae Scripturae ...
|
| 250 |
|
|
|a EDITIO SECVNDA, PRIORE MVLTO LOCVPLETIOR ET EMENDATIOR
|
| 264 |
|
1 |
|a Zürich
|b Wolf, Johann
|c 1595
|
| 300 |
|
|
|a [17], 428[i.e.429] Bl.
|b Ill. (Holzschn.)., Druckerm.
|c 2
|
| 336 |
|
|
|a Text
|b txt
|2 rdacontent
|
| 337 |
|
|
|a Computermedien
|b c
|2 rdamedia
|
| 338 |
|
|
|a Online-Ressource
|b cr
|2 rdacarrier
|
| 500 |
|
|
|a Beiträger: Sander, Johannes
|
| 500 |
|
|
|a Vorlageform des Erscheinungsvermerks: TIGVRI || APVD IOANNEM VVOLPHIVM, TYPIS || FROSCH. ANNO M.D.XCV.||
|
| 533 |
|
|
|a Online-Ausg.
|b Halle, Saale
|c Universitäts- und Landesbibliothek Sachsen-Anhalt
|d 2011
|e Online-Ressource (Text)
|f VD16 digital aus der Universitäts- und Landesbibliothek Sachsen-Anhalt
|7 |2011||||||||||
|
| 535 |
1 |
|
|a ULB Sachsen-Anhalt, Halle (Saale)
|3 AB 177092 (1)
|
| 540 |
|
|
|q DE-3
|a Public Domain Mark 1.0
|f PDM 1.0
|2 cc
|u https://creativecommons.org/publicdomain/mark/1.0/
|
| 583 |
1 |
|
|a Archivierung/Langzeitarchivierung gewährleistet
|x XA-DE-ST
|2 pdager
|5 DE-3
|
| 655 |
|
7 |
|a Kommentar: theol
|0 (DE-627)096632054
|2 local
|
| 700 |
1 |
|
|e Beiträger
|0 (DE-588)102497400
|0 (DE-627)076806022
|0 (DE-576)288796217
|4 oth
|a Sander, Johannes
|
| 700 |
1 |
|
|0 (DE-588)103752361X
|0 (DE-627)756092132
|0 (DE-576)391542788
|4 prt
|a Wolf, Johannes
|d 1564-1627
|
| 751 |
|
|
|a Zürich
|4 pup
|
| 776 |
0 |
8 |
|i Erscheint auch als
|n Druck-Ausgabe
|a Gwalther, Rudolf, 1519 - 1586
|t ISAIAS.|| IN ISAIAM PROPHE=||tam Rodolphi Gualtheri || Tigurini Homiliae || CCCXXVII.|| EDITIO SECVNDA, PRIORE MVL=||TO LOCVPLETIOR ET EMENDATIOR.|| ACCESSERVNT INDICES DVO, RERVM || et Verborum, Locorum item sacrae Scriptu-||rae ... ||
|d Zürich : Wolf, Johann, 1595
|h [17], 428[=429] Bl.
|w (DE-627)568184270
|w (DE-576)9568184279
|k Non-Electronic
|
| 856 |
4 |
0 |
|u http://dx.doi.org/10.25673/opendata2-7381
|x Resolving-System
|x Digitalisierung
|x Langzeitarchivierung
|z kostenfrei
|3 Volltext
|7 0
|
| 856 |
4 |
0 |
|u http://nbn-resolving.de/urn:nbn:de:gbv:3:1-300451
|x Resolving-System
|3 Volltext
|7 1
|
| 935 |
|
|
|a mteo
|
| 951 |
|
|
|a BO
|
| ELC |
|
|
|a 1
|
| LOK |
|
|
|0 000 xxxxxcx a22 zn 4500
|
| LOK |
|
|
|0 001 4946973184
|
| LOK |
|
|
|0 003 DE-627
|
| LOK |
|
|
|0 004 745486827
|
| LOK |
|
|
|0 005 20260401100607
|
| LOK |
|
|
|0 008 260401||||||||||||||||ger|||||||
|
| LOK |
|
|
|0 040
|a DE-Tue135
|c DE-627
|d DE-Tue135
|
| LOK |
|
|
|0 092
|o n
|
| LOK |
|
|
|0 852
|a DE-Tue135
|
| LOK |
|
|
|0 852 1
|9 00
|
| LOK |
|
|
|0 866
|x SPQUE#VD (Historische deutsche Nationalbibliographie)#SPSAM#VD16
|
| LOK |
|
|
|0 935
|a ixvd
|a ixv6
|
| LOK |
|
|
|0 939
|a 2026-04-01
|b l01
|
| OAS |
|
|
|a 1
|
| ORI |
|
|
|a TA-MARC-ixtheoa001.raw
|